Авдотья и Пифагор: роман

Библиографические подробности
Главный автор: Гольман И. Иосиф
Примечания:Что делать, если любишь чужую жену? Или даже не так — если твоя любимая женщина по несправедливости принадлежит другому? «Смириться», — скажут одни. «Бороться», — скажут другие. Молодой врач Дмитрий Светлов, Пифагор, решил бороться — потому что не мог спокойно думать о том, что его Дуню обнимает другой мужчина. В сказке, чтобы завоевать красавицу принцессу, герою надо пройти через множество испытаний. Испытания, которые предстоят Пифагору, сказочным богатырям и не снились — жизнь не сказка, здесь все гораздо жестче. Но Пифагору есть во имя чего рисковать — он точно знает, что Авдотья должна во что бы то ни стало быть с ним.
Язык:русский
Опубликовано: Москва, Эксмо, 2012
Серии:Мужской взгляд. Проза И. Гольмана
Предметы:
Формат: MixedMaterials Книга
Запись в KOHA:https://koha.lib.tpu.ru/cgi-bin/koha/opac-detail.pl?biblionumber=232644

MARC

LEADER 00000nam0a2200000 4500
001 232644
005 20231031203359.0
010 |a 9785699585175 
035 |a (RuTPU)RU\TPU\book\253697 
035 |a RU\TPU\book\229783 
090 |a 232644 
100 |a 20130215d2012 m y0rusy50 ca 
101 0 |a rus 
102 |a RU 
105 |a y z 000ay 
200 1 |a Авдотья и Пифагор  |e роман  |f И. Гольман 
210 |a Москва  |c Эксмо  |d 2012 
215 |a 352 с. 
225 1 |a Мужской взгляд. Проза И. Гольмана 
330 |a Что делать, если любишь чужую жену? Или даже не так — если твоя любимая женщина по несправедливости принадлежит другому? «Смириться», — скажут одни. «Бороться», — скажут другие. Молодой врач Дмитрий Светлов, Пифагор, решил бороться — потому что не мог спокойно думать о том, что его Дуню обнимает другой мужчина. В сказке, чтобы завоевать красавицу принцессу, герою надо пройти через множество испытаний. Испытания, которые предстоят Пифагору, сказочным богатырям и не снились — жизнь не сказка, здесь все гораздо жестче. Но Пифагору есть во имя чего рисковать — он точно знает, что Авдотья должна во что бы то ни стало быть с ним. 
606 1 |a Русская литература   |2 stltpush  |3 (RuTPU)RU\TPU\subj\26373 
610 1 |a романы 
610 1 |a проза 
610 1 |a любовь 
675 |a Р2  |v 3 
700 1 |a Гольман  |b И.  |g Иосиф 
801 1 |a RU  |b 63413507  |c 20120227 
801 2 |a RU  |b 63413507  |c 20130219  |g RCR 
942 |c BK